Chat App / (Record no. 230723)
[ view plain ]
| 000 -LEADER | |
|---|---|
| fixed length control field | 00447nam a22001457a 4500 |
| 005 - DATE AND TIME OF LATEST TRANSACTION | |
| control field | 20240419151437.0 |
| 008 - FIXED-LENGTH DATA ELEMENTS--GENERAL INFORMATION | |
| fixed length control field | 240419b ||||| |||| 00| 0 eng d |
| 040 ## - CATALOGING SOURCE | |
| Transcribing agency | AIMIT LIBRARY |
| 100 ## - MAIN ENTRY--PERSONAL NAME | |
| Personal name | Veigas, Lailesh |
| Relator term | 2117031 |
| 9 (RLIN) | 161571 |
| 245 ## - TITLE STATEMENT | |
| Title | Chat App / |
| Statement of responsibility, etc. | By Lailesh Veigas |
| 700 ## - ADDED ENTRY--PERSONAL NAME | |
| Personal name | Pinto, Jeevan L J |
| Relator term | Mentor |
| 9 (RLIN) | 161572 |
| 700 ## - ADDED ENTRY--PERSONAL NAME | |
| Personal name | Shetty, Subas |
| Relator term | Guide |
| 9 (RLIN) | 161573 |
| 856 ## - ELECTRONIC LOCATION AND ACCESS | |
| Materials specified | DevAppsys IT Solutions |
| Uniform Resource Identifier | <a href="https://devappsys.com/">https://devappsys.com/</a> |
| 942 ## - ADDED ENTRY ELEMENTS (KOHA) | |
| Source of classification or shelving scheme | Dewey Decimal Classification |
| Koha item type | Project Report |
| Withdrawn status | Lost status | Source of classification or shelving scheme | Damaged status | Not for loan | Collection code | Home library | Current library | Date acquired | Total Checkouts | Barcode | Date last seen | Copy number | Uniform Resource Identifier | Price effective from | Koha item type |
|---|---|---|---|---|---|---|---|---|---|---|---|---|---|---|---|
| Dewey Decimal Classification | Not for loan | Project Report MCA | St Aloysius Institute of Management & Information Technology | St Aloysius Institute of Management & Information Technology | 04/19/2024 | PRC01387 | 04/19/2024 | 2117031 | https://devappsys.com/ | 04/19/2024 | Project Report |